000 01165nam0a2200289 4500
001 RU\NLR\bibl\399652
005 20260406062624.0
010 _a5-841-0001-4
_92000
035 _a(NLR Aleph) 000393843
090 _a532518
_c532518
100 _a20030515d2000 |||y0rusy50 ca
101 0 _arus
102 _aRU
105 _aa |||||||||
200 1 _aВ.И. Суриков - портретист
_fГ.Л. Васильева-Шляпина
210 _aКрасноярск
_cПлатина
_d2000
215 _a59 с.
_cил., портр.
_d20
320 _aБиблиогр. в подстроч. прим.
604 _1200#1$aСуриков$gВасилий Иванович$bВ.И.$f1848 - 1916
_1235|#$aПортреты
_aСуриков, Василий Иванович (1848 - 1916)
_tПортреты
_3RU\NLR\AUTH\66884960
_91937254
686 _aЩ143(2Р=Рус)52-8Суриков
700 1 _4070
_7ca
_8rus
_aВасильева-Шляпина
_bГ. Л.
_gГалина Леонтьевна
_9122509
_3RU\NLR\AUTH\7712799
801 0 _aRU
_bNLR
_c20030515
_gPSBO
801 1 _aRU
_bNLR
_c20030515
942 _cBOOK
980 _aNB